| 000 | 01471nam0a22002771 4500 | ||
|---|---|---|---|
| 001 | rc\455418 | ||
| 005 | 20260407132650.0 | ||
| 035 | _a(NLR Aleph) 005700201 | ||
| 090 |
_a7269311 _c7269311 |
||
| 100 | _a20030616d1987 |||y0rusy50 ca | ||
| 101 | 0 | _arus | |
| 102 | _aRU | ||
| 105 | _aa ||||||||| | ||
| 200 | 1 |
_aЧлен-корреспондент Академии художеств СССР народный художник СССР лауреат Государственной премии СССР Борис Валентинович Щербаков _eКат. выст. _f[Составители Н.И. Горянина, Н.Н. Мазуренко _gАвт. вступ. ст. Г.Б. Щербакова] |
|
| 205 | _a[2-е изд., перераб.] | ||
| 210 |
_aМ. _cИзобразит. искусство _d1987 |
||
| 215 |
_a62, [1] с. _cил., цв. _d29 |
||
| 300 | _aВ надзаг.: М-во культуры СССР, Акад. художеств СССР, Союз художников СССР, М-во культуры РСФСР, Союз художников РСФСР | ||
| 702 | 1 |
_aГорянина _bН.И. _gНина Ивановна _4220 |
|
| 710 | 1 | 0 |
_aЩербаков, _gБорис Валентинович _hВыставка произведений _f1987 _eМосква _3RU\NLR\AUTH\8810078902 _9659933 |
| 801 | 0 |
_aRU _bNLR _gpsbo |
|
| 801 | 1 |
_aRU _bELAR _2rusmarc |
|
| 852 |
_aNLR _bЭ _jКП/Щ612 |
||
| 942 | _cBOOK | ||
| 980 | _aNB | ||